Las damas de dinastía Tang
Uloženo v:
| Médium: | Kniha |
|---|---|
| Jazyk: | španělština |
| Vydáno: |
Taiwán
China Publishing
1980
|
| Témata: | |
| Tagy: |
Přidat tag
Žádné tagy, Buďte první, kdo vytvoří štítek k tomuto záznamu!
|
MARC
| LEADER | 00000nam a2200000 a 4500 | ||
|---|---|---|---|
| 001 | UCQ8238 | ||
| 003 | CL-VaPUC | ||
| 008 | 981209e19800000CH |||||||||||||||||spa|d | ||
| 082 | 0 | 4 | |a 895.103 |b DAM |2 21 |
| 245 | 1 | 4 | |a Las damas de dinastía Tang |
| 300 | |a 260 p | ||
| 942 | |c BK | ||
| 945 | |d 19981209 00:00:00 |a cmena | ||
| 260 | |a Taiwán |b China Publishing |c 1980 | ||
| 650 | 7 | |a NOVELAS CHINAS |2 CL-VaPUC |9 352596 | |
| 650 | 7 | |a LITERATURA CHINA |2 CL-VaPUC |9 352595 | |
| 650 | 7 | |a CUENTOS CHINOS |2 CL-VaPUC |9 311186 | |
| 583 | |a last modification |c 19981209 00:00:00 |k Rodrigo Vera | ||
| 999 | |c 277524 |d 277522 | ||
| 952 | |0 0 |1 0 |4 0 |6 895_103000000000000_DAM_1980 |7 0 |8 A |9 315511 |a BIBGIM |b BIBGIM |d 2019-11-20 |i 1497995 |l 4 |m 4 |o 895.103 DAM 1980 |p 1497995 |r 2025-01-15 |s 2024-03-13 |w 2019-11-20 |y BK |k ORI | ||